| 000 | 00538nam a2200169 i 4500 | ||
|---|---|---|---|
| 001 | 62794 | ||
| 003 | ES-MaACL | ||
| 005 | 20230906164729.0 | ||
| 007 | t| | ||
| 008 | 031126s1951 sp ||||1| spa d | ||
| 100 | 1 |
_aFernández Camporredondo, Calixto. _949540 |
|
| 245 | 1 | 0 |
_aCalixto F. Camporredondo / _cselección y estudio de María del Carmen Pellón. |
| 260 |
_aSantander : _bLibrería Moderna, _c1951. |
||
| 300 |
_aLXXVIII, 88 p. ; _c18 cm. |
||
| 700 | 1 |
_aPellón, María del Carmen. _990106 |
|
| 852 |
_aES-MaACL _jD-6075 _bR.31333 |
||
| 999 |
_c62794 _d62794 |
||